Department of Defense mustard gas testing : hearing before the Subcommittee on Compensation, Pension, and Insurance of the Committee on Veterans' Affairs, House of Representatives, One Hundred Second Congress, second session, March 10, 1993.

Bibliographic Details
Corporate Authors: United States. Congress. House. Committee on Veterans' Affairs. Subcommittee on Compensation, Pension, and Insurance, ProQuest (Firm)
Format: Government Document eBook
Language:English
Published: Washington : U.S. G.P.O., 1993.
Series:U.S. Congressional Hearings.
Subjects:
Online Access:Connect to the full text of this electronic book

MARC

Tag First Indicator Second Indicator Subfields
LEADER 00000cam a22000001a 4500
001 in00003253721
006 m d f
007 cr bn mmmapmmp
008 091022s1993 dcu o f000 0 eng d
005 20260511205445.7
035 |a cis2007462347 
040 |a UMI  |c UMI  |d UtOrBLW 
043 |a n-us--- 
074 |a 1027-A 
074 |a 1027-B (MF) 
086 0 |a Y 4.V 64/3:103-3 
088 |a Serial no. 103-3 (United States. Congress. House. Committee on Veterans' Affairs) 
099 |a HRG-1993-VAH-0003 
110 1 |a United States.  |b Congress.  |b House.  |b Committee on Veterans' Affairs.  |b Subcommittee on Compensation, Pension, and Insurance. 
245 1 0 |a Department of Defense mustard gas testing :  |b hearing before the Subcommittee on Compensation, Pension, and Insurance of the Committee on Veterans' Affairs, House of Representatives, One Hundred Second Congress, second session, March 10, 1993. 
264 1 |a Washington :  |b U.S. G.P.O.,  |c 1993. 
300 |a 1 online resource. 
336 |a text  |b txt  |2 rdacontent 
337 |a computer  |b c  |2 rdamedia 
338 |a online resource  |b cr  |2 rdacarrier 
500 |a Record is based on bibliographic data in ProQuest Congressional Hearings Digital Collection. Reuse except for individual research requires license from ProQuest, LLC. 
538 |a System requirements: PDF reader software. 
500 |a Electronic resource. 
650 0 |a Mustard gas  |x Toxicology. 
650 0 |a Chemical weapons  |z United States  |x Testing. 
650 0 |a Veterans  |x Medical care  |z United States. 
655 7 |a Electronic books.  |2 local 
710 2 |a ProQuest (Firm) 
776 0 8 |i Print version:  |a United States. Congress. House. Committee on Veterans' Affairs. Subcommittee on Compensation, Pension, and Insurance.  |t Department of Defense mustard gas testing  |w (DGPO)93087581  |w (OCoLC)28646425 
776 0 8 |i Microfiche version:  |a United States. Congress. House. Committee on Veterans' Affairs. Subcommittee on Compensation, Pension, and Insurance.  |t Department of Defense mustard gas testing.  |d [Bethesda, Md.] : ProQuest,[2004]  |o CIS 93 H761-23  |w (ProQuest)cis09301416 
830 0 |a U.S. Congressional Hearings. 
856 4 0 |u http://proxy.library.tamu.edu/login?url=https://congressional.proquest.com/congcomp/getdoc?HEARING-ID=HRG-1993-VAH-0003  |z Connect to the full text of this electronic book  |t 0 
998 |a cis09301416 
999 |a MARS 
999 f f |s 611a0047-933c-39b7-855c-362122e74bf0  |i 97cd4329-40f6-34d1-9b54-b2eaf067ff47  |t 0 
952 f f |a Texas A&M University  |b College Station  |c Electronic Resources  |s www_evans  |d Available Online  |t 0  |e HRG-1993-VAH-0003  |h Other scheme 
998 f f |a HRG-1993-VAH-0003  |t 0  |l Available Online